[Event "DVM U16 2020"]
[Site "Willingen GER"]
[Date "2021.06.25"]
[Round "3"]
[White "Dietlmeier, Tobias"]
[Black "Troyke, Jannis"]
[Result "1/2-1/2"]
[Termination "normal"]
[Board "3.2"]
[WhiteElo "1818"]
[BlackElo "1911"]
[WhiteClock "00:05:30"]
[BlackClock "00:01:10"]
[WhiteTeam "TV Tegernsee"]
[BlackTeam "Greifswalder SV"]
[PlyCount "101"]
[WhiteFideId "16213963"]
[BlackFideId "12993115"]
[EventCountry "GER"]
[EventRounds "7"]
[EventType "team-swiss"]
[EventDate "2021.06.23"]

1. d4 {[%clk 1:30:53]} 1... d5 {[%clk 1:29:37]} 2. c4 {[%clk 1:30:56]} 2... c6
{[%clk 1:30:03]} 3. Nf3 {[%clk 1:30:44]} 3... Nf6 {[%clk 1:30:28]} 4. Nc3 {
[%clk 1:29:56]} 4... e6 {[%clk 1:30:54]} 5. Bf4 {[%clk 1:29:37]} 5... dxc4 {
[%clk 1:30:54]} 6. e4 {[%clk 1:20:20]} 6... b5 {[%clk 1:31:18]} 7. a3 { [%clk
1:15:50]} 7... Bb7 {[%clk 1:29:24]} 8. Qc2 {[%clk 1:13:14]} 8... Nbd7 { [%clk
1:29:05]} 9. Be2 {[%clk 1:09:53]} 9... Qb6 {[%clk 1:21:37]} 10. O-O { [%clk
1:05:21]} 10... Be7 {[%clk 1:09:38]} 11. Rfd1 {[%clk 1:03:30]} 11... O-O {[%clk
1:08:01]} 12. Ng5 {[%clk 0:52:06]} 12... h6 {[%clk 1:05:37]} 13. Nf3 { [%clk
0:45:44]} 13... Rfd8 {[%clk 1:02:45]} 14. Rd2 {[%clk 0:35:02]} 14... Nf8 {[%clk
0:52:08]} 15. h3 {[%clk 0:33:54]} 15... c5 {[%clk 0:34:05]} 16. Be3 { [%clk
0:28:40]} 16... a6 {[%clk 0:30:09]} 17. Rad1 {[%clk 0:25:42]} 17... cxd4 {[%clk
0:27:56]} 18. Nxd4 {[%clk 0:23:00]} 18... Bc5 {[%clk 0:25:51]} 19. Bf3 { [%clk
0:21:19]} 19... Rd7 {[%clk 0:17:22]} 20. Nce2 {[%clk 0:15:08]} 20... Ng6 {[%clk
0:12:22]} 21. b4 {[%clk 0:07:06]} 21... cxb3 {[%clk 0:07:37]} 22. Qxb3 { [%clk
0:07:05]} 22... Ne5 {[%clk 0:07:02]} 23. Rc1 {[%clk 0:05:01]} 23... Nc4 { [%clk
0:02:51]} 24. Rdc2 {[%clk 0:04:20]} 24... Bxd4 {[%clk 0:02:05]} 25. Bxd4 {[%clk
0:04:06]} 25... Qd8 {[%clk 0:02:07]} 26. Bb2 {[%clk 0:02:54]} 26... Rd3 {[%clk
0:01:29]} 27. Bxf6 {[%clk 0:02:27]} 27... Rxb3 {[%clk 0:01:47]} 28. Bxd8 {[%clk
0:02:50]} 28... Rxd8 {[%clk 0:02:16]} 29. a4 {[%clk 0:02:19]} 29... Nd2 {[%clk
0:01:39]} 30. Rc7 {[%clk 0:02:05]} 30... Ba8 {[%clk 0:01:11]} 31. Rc8 { [%clk
0:01:16]} 31... Rbd3 {[%clk 0:01:29]} 32. Nf4 {[%clk 0:01:22]} 32... Bb7 {[%clk
0:01:03]} 33. R8c7 {[%clk 0:00:58]} 33... Bxe4 {[%clk 0:00:40]} 34. Nxd3 {[%clk
0:01:02]} 34... Nxf3+ 35. gxf3 {[%clk 0:01:24]} 35... Bxd3 { [%clk 0:01:20]}
36. Rd1 {[%clk 0:01:14]} 36... Rd5 {[%clk 0:01:39]} 37. axb5 { [%clk 0:01:02]}
37... axb5 {[%clk 0:01:56]} 38. Rc3 {[%clk 0:00:54]} 38... Bc4 {[%clk 0:02:22]}
39. Rcc1 {[%clk 0:00:40]} 39... Kf8 {[%clk 0:02:36]} 40. Re1 { [%clk 0:00:38]}
40... Ke7 {[%clk 0:02:55]} 41. Kg2 {[%clk 0:24:26]} 41... Kd6 { [%clk 0:22:14]}
42. f4 {[%clk 0:24:02]} 42... h5 {[%clk 0:22:07]} 43. Kf3 { [%clk 0:18:57]}
43... Rd3+ {[%clk 0:18:04]} 44. Re3 {[%clk 0:18:37]} 44... Bd5+ {[%clk
0:18:29]} 45. Kg3 {[%clk 0:14:43]} 45... Rd2 {[%clk 0:18:49]} 46. Ra3 { [%clk
0:13:30]} 46... Bc4 {[%clk 0:06:40]} 47. Ra7 {[%clk 0:11:43]} 47... e5 { [%clk
0:06:50]} 48. fxe5+ {[%clk 0:10:55]} 48... Kxe5 {[%clk 0:07:14]} 49. Re7+
{[%clk 0:07:26]} 49... Kf5 {[%clk 0:05:05]} 50. Re3 {[%clk 0:05:58]} 50... g6 {
[%clk 0:01:10]} 51. Rce1 {[%clk 0:05:30]} 1/2-1/2

[Event "DVM U16 2020"]
[Site "Willingen GER"]
[Date "2021.06.25"]
[Round "3"]
[White "Kallweit, Paul"]
[Black "Cheredzhiyska, Iva"]
[Result "1-0"]
[Termination "normal"]
[Board "3.3"]
[WhiteElo "1832"]
[BlackElo "1601"]
[WhiteClock "00:40:45"]
[BlackClock "00:36:14"]
[WhiteTeam "Greifswalder SV"]
[BlackTeam "TV Tegernsee"]
[PlyCount "49"]
[WhiteFideId "16228081"]
[BlackFideId "16241622"]
[EventCountry "GER"]
[EventRounds "7"]
[EventType "team-swiss"]
[EventDate "2021.06.23"]

1. d4 {[%clk 1:30:54]} 1... d5 {[%clk 1:30:38]} 2. c4 {[%clk 1:31:15]} 2... e6
{[%clk 1:30:40]} 3. Nc3 {[%clk 1:31:22]} 3... Nf6 {[%clk 1:31:00]} 4. Bg5 {
[%clk 1:31:03]} 4... Be7 {[%clk 1:31:19]} 5. Nf3 {[%clk 1:31:27]} 5... Nbd7 {
[%clk 1:30:26]} 6. e3 {[%clk 1:31:47]} 6... c6 {[%clk 1:29:25]} 7. cxd5 { [%clk
1:31:45]} 7... cxd5 {[%clk 1:27:43]} 8. Bd3 {[%clk 1:31:21]} 8... a6 { [%clk
1:27:07]} 9. O-O {[%clk 1:08:38]} 9... O-O {[%clk 1:21:27]} 10. Qe2 { [%clk
1:04:12]} 10... b5 {[%clk 1:09:59]} 11. a4 {[%clk 1:01:46]} 11... b4 { [%clk
1:03:27]} 12. Nb1 {[%clk 1:01:49]} 12... a5 {[%clk 0:58:18]} 13. Nbd2 { [%clk
1:02:00]} 13... Bb7 {[%clk 0:52:45]} 14. Rfc1 {[%clk 0:59:46]} 14... Qb6 {[%clk
0:46:42]} 15. Ne5 {[%clk 0:55:59]} 15... Bd6 {[%clk 0:46:40]} 16. f4 { [%clk
0:52:59]} 16... Rfc8 {[%clk 0:41:16]} 17. Bb5 {[%clk 0:46:15]} 17... Ba6 {[%clk
0:39:32]} 18. Bxa6 {[%clk 0:45:15]} 18... Rxc1+ {[%clk 0:38:15]} 19. Rxc1
{[%clk 0:45:38]} 19... Qxa6 {[%clk 0:37:46]} 20. Qxa6 {[%clk 0:43:08]} 20...
Rxa6 {[%clk 0:38:07]} 21. Rc8+ {[%clk 0:42:42]} 21... Bf8 {[%clk 0:37:33] } 22.
Bxf6 {[%clk 0:41:19]} 22... Nxf6 {[%clk 0:37:48]} 23. Nb3 {[%clk 0:40:36] }
23... Ra7 {[%clk 0:37:16]} 24. Nc5 {[%clk 0:40:35]} 24... g6 {[%clk 0:36:14]}
25. Nc6 {[%clk 0:40:45]} 1-0

[Event "DVM U16 2020"]
[Site "Willingen GER"]
[Date "2021.06.25"]
[Round "3"]
[White "Stoib, Marinus"]
[Black "Khanbekyan, Areg"]
[Result "1/2-1/2"]
[Termination "normal"]
[Board "3.4"]
[WhiteElo "1680"]
[BlackElo "1576"]
[WhiteClock "00:06:36"]
[BlackClock "00:07:10"]
[WhiteTeam "TV Tegernsee"]
[BlackTeam "Greifswalder SV"]
[PlyCount "134"]
[WhiteFideId "12994901"]
[BlackFideId "12993727"]
[EventCountry "GER"]
[EventRounds "7"]
[EventType "team-swiss"]
[EventDate "2021.06.23"]

1. d4 {[%clk 1:30:52]} 1... Nf6 {[%clk 1:30:44]} 2. c4 {[%clk 1:31:08]} 2... c5
{[%clk 1:30:53]} 3. d5 {[%clk 1:30:14]} 3... b5 {[%clk 1:31:08]} 4. f3 { [%clk
1:26:24]} 4... g6 {[%clk 1:29:38]} 5. e4 {[%clk 1:25:38]} 5... d6 { [%clk
1:29:54]} 6. Bd2 {[%clk 1:19:29]} 6... Bg7 {[%clk 1:30:05]} 7. Bd3 { [%clk
1:15:02]} 7... O-O {[%clk 1:29:40]} 8. h3 {[%clk 1:10:36]} 8... Nbd7 { [%clk
1:24:35]} 9. f4 {[%clk 1:06:13]} 9... bxc4 {[%clk 1:19:11]} 10. Bc2 { [%clk
1:05:17]} 10... Nh5 {[%clk 1:15:03]} 11. Nc3 {[%clk 1:03:04]} 11... e6 { [%clk
1:09:27]} 12. Nf3 {[%clk 0:54:53]} 12... Ng3 {[%clk 1:07:25]} 13. Rg1 { [%clk
0:53:20]} 13... Nf6 {[%clk 0:58:59]} 14. Kf2 {[%clk 0:44:38]} 14... Nfh5 {[%clk
0:58:32]} 15. Be3 {[%clk 0:39:19]} 15... Rb8 {[%clk 0:51:36]} 16. Rb1 { [%clk
0:35:46]} 16... Bb7 {[%clk 0:51:48]} 17. Qd2 {[%clk 0:34:06]} 17... Re8 { [%clk
0:44:01]} 18. Rgd1 {[%clk 0:29:12]} 18... exd5 {[%clk 0:38:13]} 19. exd5 {[%clk
0:23:40]} 19... Bc8 {[%clk 0:32:21]} 20. Re1 {[%clk 0:20:35]} 20... Bf5 {[%clk
0:26:10]} 21. Bxf5 {[%clk 0:18:23]} 21... Nxf5 {[%clk 0:25:49]} 22. g4 { [%clk
0:18:12]} 22... Nxe3 {[%clk 0:23:19]} 23. gxh5 {[%clk 0:14:08]} 23... Bd4
{[%clk 0:18:08]} 24. Ne2 {[%clk 0:10:09]} 24... Nc2+ 25. Nexd4 {[%clk 0:09:22]}
25... Nxe1 {[%clk 0:10:29]} 26. Nc6 {[%clk 0:09:35]} 26... Nd3+ {[%clk 0:10:53]
} 27. Kg3 {[%clk 0:08:31]} 27... Qf6 {[%clk 0:09:36]} 28. Nxb8 {[%clk 0:08:19]}
28... Rxb8 {[%clk 0:09:59]} 29. b3 {[%clk 0:07:53]} 29... gxh5 {[%clk 0:05:41]}
30. Rg1 {[%clk 0:06:23]} 30... Kh8 {[%clk 0:06:08]} 31. bxc4 {[%clk 0:03:44]}
31... Nxf4 {[%clk 0:05:33]} 32. Qe3 {[%clk 0:00:32]} 32... h4+ {[%clk 0:04:20]}
33. Kh2 {[%clk 0:00:34]} 33... Qb2+ {[%clk 0:03:20]} 34. Kh1 {[%clk 0:00:33]}
34... Nxh3 {[%clk 0:02:29]} 35. Rg2 {[%clk 0:00:49]} 35... Qb1+ {[%clk 0:02:42]
} 36. Kh2 {[%clk 0:00:52]} 36... Qf5 {[%clk 0:02:57]} 37. Nxh4 {[%clk 0:00:34]}
37... Qf4+ {[%clk 0:02:43]} 38. Qxf4 {[%clk 0:00:48]} 38... Nxf4 { [%clk
0:03:07]} 39. Rf2 {[%clk 0:01:11]} 39... Nd3 {[%clk 0:01:46]} 40. Rxf7 { [%clk
0:01:19]} 40... Rb2+ {[%clk 0:01:20]} 41. Kg3 {[%clk 0:01:43]} 41... Rxa2
{[%clk 0:28:35]} 42. Rd7 {[%clk 0:31:09]} 42... Ne5 {[%clk 0:26:38]} 43. Rd8+ {
[%clk 0:29:24]} 43... Kg7 {[%clk 0:26:08]} 44. Nf5+ {[%clk 0:29:34]} 44... Kf6
{[%clk 0:26:05]} 45. Rf8+ {[%clk 0:26:12]} 45... Kg5 {[%clk 0:25:54]} 46. Nxd6
{[%clk 0:25:51]} 46... Ra3+ {[%clk 0:25:53]} 47. Kg2 {[%clk 0:25:44]} 47...
Ra2+ {[%clk 0:23:35]} 48. Kg3 {[%clk 0:25:06]} 48... Ra3+ {[%clk 0:23:56]} 49.
Kf2 {[%clk 0:25:11]} 49... Ng4+ {[%clk 0:16:42]} 50. Ke2 {[%clk 0:24:04]} 50...
Re3+ {[%clk 0:17:05]} 51. Kd2 {[%clk 0:24:21]} 51... Re7 {[%clk 0:15:25]} 52.
Kd3 {[%clk 0:20:35]} 52... h5 {[%clk 0:15:18]} 53. Ne4+ {[%clk 0:19:55]} 53...
Kh4 {[%clk 0:12:51]} 54. Nxc5 {[%clk 0:19:49]} 54... Ne5+ {[%clk 0:10:06]} 55.
Kd4 {[%clk 0:18:38]} 55... Kg3 {[%clk 0:09:38]} 56. Ne6 {[%clk 0:13:29]} 56...
Nd7 {[%clk 0:08:34]} 57. c5 {[%clk 0:11:18]} 57... Nxf8 {[%clk 0:08:19]} 58.
Nxf8 {[%clk 0:11:20]} 58... h4 {[%clk 0:08:41]} 59. d6 {[%clk 0:11:44]} 59...
Rf7 {[%clk 0:07:52]} 60. c6 {[%clk 0:10:16]} 60... Rxf8 {[%clk 0:07:14]} 61. c7
{[%clk 0:09:47]} 61... h3 {[%clk 0:07:00]} 62. d7 {[%clk 0:10:10]} 62... h2 {
[%clk 0:07:00]} 63. d8=Q Rxd8+ 64. cxd8=Q {[%clk 0:07:02]} 64... h1=Q { [%clk
0:07:13]} 65. Qd6+ {[%clk 0:07:13]} 65... Kf2 {[%clk 0:07:03]} 66. Qf4+ { [%clk
0:06:36]} 66... Qf3 {[%clk 0:07:10]} 67. Qxf3+ Kxf3 1/2-1/2

[Event "DVM U16 2020"]
[Site "Willingen GER"]
[Date "2021.06.25"]
[Round "3"]
[White "Payes Kanders, Valentin"]
[Black "Mooser, Nicolas"]
[Result "0-1"]
[Termination "normal"]
[Board "4.1"]
[WhiteElo "1498"]
[BlackElo "2148"]
[WhiteClock "00:27:49"]
[BlackClock "00:27:48"]
[WhiteTeam "Schachfreunde Essen-Katernberg"]
[BlackTeam "FC Ergolding 1932 e.V."]
[PlyCount "94"]
[WhiteFideId "16261046"]
[BlackFideId "12979406"]
[EventCountry "GER"]
[EventRounds "7"]
[EventType "team-swiss"]
[EventDate "2021.06.23"]

1. e4 {[%clk 1:30:58]} 1... c5 {[%clk 1:30:54]} 2. Nf3 {[%clk 1:31:22]} 2... e6
{[%clk 1:31:05]} 3. d4 {[%clk 1:31:35]} 3... cxd4 {[%clk 1:31:29]} 4. Nxd4 {
[%clk 1:31:58]} 4... Nc6 {[%clk 1:31:54]} 5. Nc3 {[%clk 1:32:06]} 5... Qc7 {
[%clk 1:32:18]} 6. Be3 {[%clk 1:30:32]} 6... a6 {[%clk 1:32:38]} 7. f3 { [%clk
1:27:02]} 7... Nf6 {[%clk 1:30:55]} 8. Qd2 {[%clk 1:23:34]} 8... Be7 { [%clk
1:30:19]} 9. g4 {[%clk 1:21:47]} 9... b5 {[%clk 1:29:19]} 10. g5 { [%clk
1:18:46]} 10... Nh5 {[%clk 1:27:31]} 11. Nce2 {[%clk 1:09:33]} 11... Bb7 {[%clk
1:16:24]} 12. O-O-O {[%clk 1:01:52]} 12... Rc8 {[%clk 1:07:42]} 13. Kb1 {[%clk
0:56:35]} 13... O-O {[%clk 1:03:06]} 14. Bg2 {[%clk 0:45:26]} 14... d5 { [%clk
0:50:43]} 15. f4 {[%clk 0:33:15]} 15... dxe4 {[%clk 0:39:54]} 16. Bxe4 { [%clk
0:27:46]} 16... Nxd4 {[%clk 0:35:39]} 17. Bxb7 {[%clk 0:27:59]} 17... Qxb7
{[%clk 0:35:16]} 18. Nxd4 {[%clk 0:27:50]} 18... Rfd8 {[%clk 0:31:14]} 19. Qe2
{[%clk 0:26:15]} 19... g6 {[%clk 0:29:59]} 20. Rhe1 {[%clk 0:16:43]} 20... Rd5
{[%clk 0:22:39]} 21. Rd3 {[%clk 0:10:34]} 21... Rcd8 {[%clk 0:21:04]} 22. Red1
{[%clk 0:10:42]} 22... Bf8 {[%clk 0:16:21]} 23. Bc1 {[%clk 0:09:37]} 23... Qb6
{[%clk 0:13:16]} 24. Nf3 {[%clk 0:06:37]} 24... Rxd3 {[%clk 0:10:56]} 25. Rxd3
{[%clk 0:06:59]} 25... Rxd3 {[%clk 0:11:12]} 26. Qxd3 {[%clk 0:07:23]} 26...
Bd6 {[%clk 0:09:50]} 27. Qe4 {[%clk 0:05:52]} 27... Qf2 {[%clk 0:07:37]} 28. b3
{[%clk 0:05:01]} 28... Qf1 {[%clk 0:07:12]} 29. Kb2 {[%clk 0:04:47]} 29... Ba3+
{[%clk 0:07:02]} 30. Kxa3 {[%clk 0:04:51]} 30... Qxc1+ { [%clk 0:07:26]} 31.
Kb4 {[%clk 0:04:58]} 31... Nxf4 {[%clk 0:07:30]} 32. Qa8+ { [%clk 0:03:54]}
32... Kg7 {[%clk 0:07:54]} 33. Qe4 {[%clk 0:01:49]} 33... Nd5+ {[%clk 0:07:56]}
34. Kc5 {[%clk 0:01:48]} 34... Qa3+ {[%clk 0:05:38]} 35. Kc6 { [%clk 0:02:03]}
35... Qb2 {[%clk 0:01:43]} 36. Qd4+ {[%clk 0:01:04]} 36... Qxd4 {[%clk
0:02:05]} 37. Nxd4 {[%clk 0:01:30]} 37... Nb4+ {[%clk 0:02:10]} 38. Kb6 {[%clk
0:01:32]} 38... e5 {[%clk 0:02:07]} 39. Nxb5 {[%clk 0:00:35]} 39... axb5 {[%clk
0:02:22]} 40. Kxb5 {[%clk 0:00:51]} 40... Nxa2 {[%clk 0:01:02]} 41. Kc4 {[%clk
0:00:34]} 41... f5 {[%clk 0:28:32]} 42. b4 {[%clk 0:29:16]} 42... Nxb4 { [%clk
0:27:40]} 43. Kxb4 {[%clk 0:29:41]} 43... f4 {[%clk 0:28:01]} 44. Kc3 { [%clk
0:29:39]} 44... Kf7 {[%clk 0:28:23]} 45. Kd3 {[%clk 0:29:56]} 45... Ke6 { [%clk
0:28:34]} 46. Ke4 {[%clk 0:30:02]} 46... Kd6 {[%clk 0:28:12]} 47. c3 { [%clk
0:27:49]} 47... Kc5 {[%clk 0:27:48]} 0-1

[Event "DVM U16 2020"]
[Site "Willingen GER"]
[Date "2021.06.25"]
[Round "3"]
[White "Lohr, Maximilian"]
[Black "Zamhöfer, Luca"]
[Result "1-0"]
[Termination "normal"]
[Board "4.2"]
[WhiteElo "2024"]
[BlackElo "1766"]
[WhiteClock "00:48:02"]
[BlackClock "00:53:17"]
[WhiteTeam "FC Ergolding 1932 e.V."]
[BlackTeam "Schachfreunde Essen-Katernberg"]
[PlyCount "43"]
[WhiteFideId "12999717"]
[BlackFideId "16216040"]
[EventCountry "GER"]
[EventRounds "7"]
[EventType "team-swiss"]
[EventDate "2021.06.23"]

1. e4 {[%clk 1:30:58]} 1... c5 {[%clk 1:30:55]} 2. Nf3 {[%clk 1:31:23]} 2... d6
{[%clk 1:31:13]} 3. d4 {[%clk 1:31:47]} 3... cxd4 {[%clk 1:31:36]} 4. Nxd4 {
[%clk 1:32:07]} 4... Nf6 {[%clk 1:31:54]} 5. Nc3 {[%clk 1:32:34]} 5... a6 {
[%clk 1:31:46]} 6. h3 {[%clk 1:31:53]} 6... e6 {[%clk 1:26:32]} 7. g4 { [%clk
1:32:10]} 7... Be7 {[%clk 1:26:52]} 8. g5 {[%clk 1:31:53]} 8... Nfd7 { [%clk
1:26:22]} 9. h4 {[%clk 1:30:48]} 9... Nc6 {[%clk 1:25:13]} 10. Be3 { [%clk
1:30:42]} 10... Nc5 {[%clk 1:23:34]} 11. Qe2 {[%clk 1:21:49]} 11... Rb8 { [%clk
1:21:51]} 12. O-O-O {[%clk 1:21:05]} 12... Qc7 {[%clk 1:21:41]} 13. Bg2 { [%clk
1:13:18]} 13... b5 {[%clk 1:20:46]} 14. Nxc6 {[%clk 1:12:47]} 14... Qxc6 {[%clk
1:21:04]} 15. f4 {[%clk 0:58:13]} 15... b4 {[%clk 1:12:34]} 16. e5 { [%clk
0:56:03]} 16... Qc7 {[%clk 1:05:37]} 17. exd6 {[%clk 0:49:40]} 17... Bxd6
{[%clk 1:05:00]} 18. Nd5 {[%clk 0:49:54]} 18... Qa5 {[%clk 0:54:54]} 19. Nf6+ {
[%clk 0:47:48]} 19... Ke7 {[%clk 0:53:13]} 20. Rxd6 {[%clk 0:47:45]} 20... Kxd6
{[%clk 0:53:18]} 21. Bxc5+ {[%clk 0:48:02]} 21... Kxc5 {[%clk 0:53:17]} 22.
Qe5+ 1-0

[Event "DVM U16 2020"]
[Site "Willingen GER"]
[Date "2021.06.25"]
[Round "3"]
[White "Berresheim, Nils"]
[Black "Astner, Sebastian"]
[Result "0-1"]
[Termination "normal"]
[Board "4.3"]
[WhiteElo "1588"]
[BlackElo "1894"]
[WhiteClock "00:18:45"]
[BlackClock "00:33:44"]
[WhiteTeam "Schachfreunde Essen-Katernberg"]
[BlackTeam "FC Ergolding 1932 e.V."]
[PlyCount "96"]
[WhiteFideId "16246306"]
[BlackFideId "12979422"]
[EventCountry "GER"]
[EventRounds "7"]
[EventType "team-swiss"]
[EventDate "2021.06.23"]

1. d4 {[%clk 1:30:58]} 1... Nf6 {[%clk 1:30:56]} 2. c4 {[%clk 1:31:23]} 2... c5
{[%clk 1:31:24]} 3. Nf3 {[%clk 1:31:07]} 3... cxd4 {[%clk 1:31:13]} 4. Nxd4 {
[%clk 1:31:27]} 4... e5 {[%clk 1:31:07]} 5. Nf3 {[%clk 1:30:40]} 5... Nc6 {
[%clk 1:31:22]} 6. a3 {[%clk 1:29:57]} 6... d5 {[%clk 1:30:55]} 7. Bg5 { [%clk
1:28:18]} 7... d4 {[%clk 1:29:19]} 8. Nbd2 {[%clk 1:26:14]} 8... Be7 { [%clk
1:28:26]} 9. e3 {[%clk 1:21:26]} 9... a5 {[%clk 1:27:00]} 10. exd4 { [%clk
1:19:14]} 10... e4 {[%clk 1:16:21]} 11. d5 {[%clk 1:08:05]} 11... exf3 { [%clk
1:12:07]} 12. dxc6 {[%clk 1:07:46]} 12... bxc6 {[%clk 1:12:21]} 13. Nxf3 {[%clk
1:07:06]} 13... Qb6 {[%clk 1:10:43]} 14. Qc2 {[%clk 1:05:06]} 14... Rb8 {[%clk
1:09:48]} 15. Rb1 {[%clk 1:03:05]} 15... Bxa3 {[%clk 1:07:04]} 16. Be3 { [%clk
0:59:17]} 16... Bb4+ {[%clk 1:05:50]} 17. Nd2 {[%clk 0:55:55]} 17... Bc5 {[%clk
1:03:55]} 18. Ne4 {[%clk 0:51:01]} 18... Bxe3 {[%clk 0:59:06]} 19. Nxf6+ {[%clk
0:50:52]} 19... gxf6 {[%clk 0:59:32]} 20. Qe4+ {[%clk 0:50:32]} 20... Kd8
{[%clk 0:59:26]} 21. fxe3 {[%clk 0:45:21]} 21... Re8 {[%clk 0:57:35]} 22. Qd3+
{[%clk 0:43:41]} 22... Kc7 {[%clk 0:56:29]} 23. Kf2 {[%clk 0:41:50]} 23... Qc5
{[%clk 0:55:46]} 24. Re1 {[%clk 0:31:08]} 24... Rxb2+ {[%clk 0:54:59]} 25. Re2
{[%clk 0:31:23]} 25... Rxe2+ {[%clk 0:52:41]} 26. Bxe2 {[%clk 0:31:29]} 26...
Qf5+ {[%clk 0:48:52]} 27. Ke1 {[%clk 0:27:56]} 27... Qe5 {[%clk 0:44:13]} 28.
Kf2 {[%clk 0:25:30]} 28... Bf5 {[%clk 0:42:26]} 29. Qa3 {[%clk 0:24:48]} 29...
Be4 {[%clk 0:32:25]} 30. Ra1 {[%clk 0:22:31]} 30... Ra8 {[%clk 0:25:18]} 31. h3
{[%clk 0:17:59]} 31... f5 {[%clk 0:22:08]} 32. Qc1 {[%clk 0:14:59]} 32... Bxg2
{[%clk 0:20:22]} 33. Kxg2 {[%clk 0:09:16]} 33... Rg8+ { [%clk 0:20:37]} 34. Kf1
{[%clk 0:09:05]} 34... Qg3 {[%clk 0:20:27]} 35. Bd1 { [%clk 0:07:51]} 35... Qh2
{[%clk 0:20:04]} 36. Bg4 {[%clk 0:07:48]} 36... fxg4 {[%clk 0:20:24]} 37. Qa3
{[%clk 0:06:41]} 37... Qxh3+ {[%clk 0:19:46]} 38. Ke1 {[%clk 0:05:50]} 38...
Qg3+ {[%clk 0:18:32]} 39. Ke2 {[%clk 0:06:02]} 39... Qh2+ {[%clk 0:18:43]} 40.
Ke1 {[%clk 0:06:06]} 40... Qe5 {[%clk 0:18:40]} 41. c5 {[%clk 0:04:34]} 41...
Ra8 {[%clk 0:17:48]} 42. Rd1 {[%clk 0:04:22]} 42... a4 {[%clk 0:09:52]} 43. Ke2
{[%clk 0:29:48]} 43... Rb8 {[%clk 0:35:55]} 44. Qxa4 {[%clk 0:25:13]} 44...
Rb2+ {[%clk 0:35:38]} 45. Kd3 {[%clk 0:25:19]} 45... Qxc5 {[%clk 0:33:15]} 46.
Qf4+ {[%clk 0:24:15]} 46... Kb7 {[%clk 0:33:05] } 47. Ra1 {[%clk 0:19:11]}
47... Qc2+ {[%clk 0:33:18]} 48. Kd4 {[%clk 0:18:45]} 48... Rb4+ {[%clk
0:33:44]} 0-1

[Event "DVM U16 2020"]
[Site "Willingen GER"]
[Date "2021.06.25"]
[Round "3"]
[White "Mankel, Luca"]
[Black "Burgtorf, Benjamin"]
[Result "0-1"]
[Termination "normal"]
[Board "5.1"]
[WhiteElo "1917"]
[BlackElo "1773"]
[WhiteClock "00:33:45"]
[BlackClock "00:12:14"]
[WhiteTeam "SV Empor Berlin e.V."]
[BlackTeam "SchVgg Blankenese von 1923 e.V."]
[PlyCount "100"]
[WhiteFideId "16253876"]
[BlackFideId "16242920"]
[EventCountry "GER"]
[EventRounds "7"]
[EventType "team-swiss"]
[EventDate "2021.06.23"]

1. e4 {[%clk 1:30:24]} 1... e6 {[%clk 1:30:21]} 2. Nc3 {[%clk 1:27:52]} 2... d5
{[%clk 1:28:45]} 3. Qe2 {[%clk 1:28:16]} 3... d4 {[%clk 1:25:06]} 4. Nd1 {
[%clk 1:28:41]} 4... c5 {[%clk 1:24:22]} 5. d3 {[%clk 1:29:01]} 5... Nc6 {
[%clk 1:20:21]} 6. f4 {[%clk 1:28:53]} 6... e5 {[%clk 1:15:30]} 7. g3 { [%clk
1:29:16]} 7... Nf6 {[%clk 1:11:14]} 8. Nf3 {[%clk 1:29:25]} 8... Bd6 { [%clk
1:10:23]} 9. Bg2 {[%clk 1:29:43]} 9... Qc7 {[%clk 1:08:08]} 10. f5 { [%clk
1:29:59]} 10... g6 {[%clk 1:02:50]} 11. Nh4 {[%clk 1:28:00]} 11... Rg8 { [%clk
0:58:27]} 12. O-O {[%clk 1:25:12]} 12... g5 {[%clk 0:57:15]} 13. Nf3 { [%clk
1:25:37]} 13... h6 {[%clk 0:56:11]} 14. c4 {[%clk 1:24:33]} 14... a6 { [%clk
0:48:14]} 15. Bd2 {[%clk 1:17:33]} 15... b5 {[%clk 0:43:41]} 16. cxb5 { [%clk
1:17:40]} 16... axb5 {[%clk 0:43:45]} 17. b4 {[%clk 1:18:06]} 17... Nxb4 {[%clk
0:42:56]} 18. Bxb4 {[%clk 1:18:32]} 18... cxb4 {[%clk 0:43:17]} 19. Nf2 {[%clk
1:18:59]} 19... Ra3 {[%clk 0:37:35]} 20. Nd2 {[%clk 1:17:56]} 20... Rc3 {[%clk
0:36:47]} 21. Nb3 {[%clk 1:17:33]} 21... Bb7 {[%clk 0:34:40]} 22. Rfc1 { [%clk
1:17:55]} 22... Ke7 {[%clk 0:33:45]} 23. Nd1 {[%clk 1:18:20]} 23... Rc6 { [%clk
0:32:51]} 24. g4 {[%clk 1:15:15]} 24... Rc8 {[%clk 0:30:12]} 25. Rxc6 { [%clk
1:12:10]} 25... Bxc6 {[%clk 0:29:59]} 26. Bf3 {[%clk 1:12:30]} 26... Nd7 {[%clk
0:25:52]} 27. Qd2 {[%clk 1:08:52]} 27... Nb6 {[%clk 0:22:37]} 28. Nf2 { [%clk
1:08:49]} 28... Na4 {[%clk 0:21:15]} 29. Bd1 {[%clk 1:09:04]} 29... Be8 { [%clk
0:16:51]} 30. Rc1 {[%clk 0:58:44]} 30... Nc3 {[%clk 0:16:32]} 31. Rc2 { [%clk
0:59:00]} 31... f6 {[%clk 0:14:57]} 32. Rb2 {[%clk 0:58:31]} 32... Bf7 { [%clk
0:13:15]} 33. Kg2 {[%clk 0:57:13]} 33... Qd7 {[%clk 0:09:26]} 34. Nc1 { [%clk
0:56:04]} 34... Na4 {[%clk 0:06:30]} 35. Rb1 {[%clk 0:54:42]} 35... Rc3 { [%clk
0:05:16]} 36. Ne2 {[%clk 0:54:00]} 36... Ra3 {[%clk 0:05:24]} 37. Bb3 { [%clk
0:54:23]} 37... Nc3 {[%clk 0:04:15]} 38. Rb2 {[%clk 0:54:24]} 38... Qe8 { [%clk
0:02:45]} 39. Nc1 {[%clk 0:54:12]} 39... Na4 {[%clk 0:01:21]} 40. Bxf7 { [%clk
0:42:17]} 40... Qxf7 {[%clk 0:01:19]} 41. Rb3 {[%clk 0:34:44]} 41... Qe8 {[%clk
0:23:43]} 42. Qc2 {[%clk 1:02:02]} 42... Nc3 {[%clk 0:22:12]} 43. Kf3 { [%clk
0:58:49]} 43... Ra8 {[%clk 0:19:43]} 44. Qd2 {[%clk 0:53:23]} 44... Qc6 { [%clk
0:18:44]} 45. Qe1 {[%clk 0:42:09]} 45... Rc8 {[%clk 0:18:34]} 46. Ne2 { [%clk
0:42:18]} 46... Nxa2 {[%clk 0:17:57]} 47. Rb2 {[%clk 0:39:20]} 47... Nc3 {[%clk
0:16:37]} 48. h4 {[%clk 0:38:59]} 48... Nxe2 {[%clk 0:14:51]} 49. Qxe2 { [%clk
0:37:01]} 49... Qc1 {[%clk 0:15:12]} 50. h5 {[%clk 0:33:45]} 50... b3 { [%clk
0:12:14]} 0-1